| 000 | 00776nam a2200253Ia 4500 | ||
|---|---|---|---|
| 008 | 160803s9999 xx 000 0 und d | ||
| 020 | _a0 439109949 | ||
| 100 | _aPinkney, Andrea Davis | ||
| 245 | _aDuke Ellington : | ||
| 245 | _bthe piano prince and his orchestra / | ||
| 245 | _cAndrea Davis Pinkney ; illustrated by Brian Pinkney. | ||
| 260 | _aNew York : | ||
| 260 | _bScholastic Inc. | ||
| 260 | _c1998 | ||
| 300 | _a1 volume (unpaged) : | ||
| 300 | _bcolor illustrations ; | ||
| 300 | _c28 cm | ||
| 440 | _aReady-to-go classroom library., | ||
| 440 | _vGrade 3 | ||
| 650 | _aEllington, Duke, -- 1899-1974 -- | ||
| 650 | _aJazz musicians -- United States -- Biography -- Juvenile literature. | ||
| 650 | _xJuvenile literature. | ||
| 700 | _a800 | ||
| 999 |
_c299129 _d299129 |
||